00572 2200193 4500001002100000005001500021035002000036245011900056100002000175300002600195260003500221082001100256084001700267020002200284600002100306990001700327990001700344990001700361INLIS00000000000149220260603083153 a0010-06260000031 aMenjadi Guru Profesional : peran Pengawas dan Komite Madrasah dalam Meningkatkan Kompetensi Guru /cFailasuf Fadli0 aFadli, Failasuf a107 hlm ;c14 X 21 cm aYogyakarta :bCV. Pustaka Ilmu a371.12 a371.12 FAD m a978-602-7853-37-9 4aGuru Profesional a4855/PP/2026 a4856/PP/2026 a4857/PP/2026